MARC details
| 000 -CABECERA |
| campo de control de longitud fija |
01979nam a2200313 4500 |
| 003 - IDENTIFICADOR DEL NÚMERO DE CONTROL |
| campo de control |
EC-UNACH |
| 005 - FECHA Y HORA DE LA ÚLTIMA TRANSACCIÓN |
| campo de control |
20240305164603.0 |
| 006 - CÓDIGOS DE INFORMACIÓN DE LONGITUD FIJA--CARACTERÍSTICAS DEL MATERIAL ADICIONAL |
| campo de control de longitud fija |
s||||gr|||| 00| 00 |
| 008 - DATOS DE LONGITUD FIJA--INFORMACIÓN GENERAL |
| campo de control de longitud fija |
150116t9999 mx r gr 000 0 spa d |
| 020 ## - NÚMERO INTERNACIONAL ESTÁNDAR DEL LIBRO |
| Número Internacional Estándar del Libro |
9788420423463 |
| 040 ## - FUENTE DE LA CATALOGACIÓN |
| Centro catalogador/agencia de origen |
EC-UNACH |
| Centro/agencia transcriptor |
EC-UNACH |
| 041 ## - CÓDIGO DE LENGUA |
| Código de lengua del texto/banda sonora o título independiente |
spa |
| 082 04 - NÚMERO DE LA CLASIFICACIÓN DECIMAL DEWEY |
| Número de edición |
23 |
| Número de clasificación |
863 |
| Número de documento/Ítem |
L015805 |
| 100 ## - ENTRADA PRINCIPAL--NOMBRE DE PERSONA |
| Nombre de persona |
Mafla, Mercedes |
| 245 ## - MENCIÓN DE TÍTULO |
| Título |
Antología de cuento |
| Mención de responsabilidad, etc. |
Mafla, Mercedes |
| 250 ## - MENCIÓN DE EDICIÓN |
| Mención de edición |
Primera edición |
| 264 ## - Producción, publicación, distribución, fabricación y copyright |
| Lugar de producción, publicación, distribución, fabricación |
Madrid, España |
| Nombre del de productor, editor, distribuidor, fabricante |
Santillana Ediciones Generales |
| Fecha de de producción, publicación, distribución, fabricación o copyright |
2009 |
| 300 ## - DESCRIPCIÓN FÍSICA |
| Extensión |
299 páginas |
| Dimensiones |
24 centimetros |
| 505 ## - NOTA DE CONTENIDO CON FORMATO |
| Nota de contenido con formato |
Un hombre muerto a puntapiés -- El guaraguao -- El canario -- La caracola -- Vinatería del Pacífico -- Krelko -- El lagarto en la mano -- Las vendas -- Tren nocturno -- El triple salto -- El coqueteo silencioso -- La importancia de la yugular en este asunto de la vida -- La vuelta -- Oposición a la magia -- La media estocada -- La resaca -- Destellos en el mar -- El analista -- Peligro para caminantes -- Martini seco -- George -- Espejismo -- Thecla teresina -- El Ulises -- La soledad del escorpión -- Jam Session -- La expiación |
| 520 ## - SUMARIO, ETC. |
| Sumario, etc. |
Es evidente que una secreta y permanente vocación viajera atraviesa esta antología del cuento ecuatoriano, y le da una fuerte unidad. Sin embargo, la sensación de desarraigo que podría desprenderse de la lectura de estos cuentos me ha hecho pensar en las dificultades que parecería han encontrado y encuentran los escritores del país cuando se preguntan qué es exactamente Ecuador. La respuesta puede resultar enigmática. Un país nombrado a partir de la palabra que designa la medida del planeta (esa línea invisible o imaginaria) algo tiene de invisible e imaginario también |
| 650 ## - PUNTO DE ACCESO ADICIONAL DE MATERIA--TÉRMINO DE MATERIA |
| Término de materia o nombre geográfico como elemento inicial |
Literatura ecuatoriana |
| 650 ## - PUNTO DE ACCESO ADICIONAL DE MATERIA--TÉRMINO DE MATERIA |
| Término de materia o nombre geográfico como elemento inicial |
Cuentos cortos |
| 650 ## - PUNTO DE ACCESO ADICIONAL DE MATERIA--TÉRMINO DE MATERIA |
| Término de materia o nombre geográfico como elemento inicial |
Antología |
| 650 ## - PUNTO DE ACCESO ADICIONAL DE MATERIA--TÉRMINO DE MATERIA |
| Término de materia o nombre geográfico como elemento inicial |
Cuentos cortos |
| 942 ## - ELEMENTOS DE PUNTO DE ACCESO ADICIONAL (KOHA) |
| Fuente del sistema de clasificación o colocación |
Clasificación Decimal Dewey |
| Tipo de ítem Koha |
Libros |
| 999 ## - NÚMEROS DE CONTROL DE SISTEMA (KOHA) |
| Koha biblionumber |
12193 |